Режимы с обострением при разрушении образцов горных пород и геосред; Перспективные материалы с иерархической структурой для новых технологий и надежных конструкций

Библиографические подробности
Источник:Перспективные материалы с иерархической структурой для новых технологий и надежных конструкций.— 2016.— [С. 215-216]
Автор-организация: Национальный исследовательский Томский политехнический университет (ТПУ) Институт физики высоких технологий (ИФВТ) Кафедра физики высоких технологий в машиностроении (ФВТМ)
Другие авторы: Смолин И. Ю. Игорь Юрьевич, Кульков А. С. Алексей Сергеевич, Макаров П. В., Еремин М. О., Бакеев Р. А., Красновейкин В. А.
Примечания:Заглавие с экрана
Язык:русский
Опубликовано: 2016
Серии:Неустойчивость и локализация деформации и разрушения в материалах с иерархической структурой
Предметы:
Online-ссылка:http://www.ispms.ru/files/Conference/2016/Sbornik_1.pdf#page=215
Формат: Электронный ресурс Статья
Запись в KOHA:https://koha.lib.tpu.ru/cgi-bin/koha/opac-detail.pl?biblionumber=651077

MARC

LEADER 00000nla2a2200000 4500
001 651077
005 20231101134641.0
035 |a (RuTPU)RU\TPU\network\16326 
035 |a RU\TPU\network\16320 
090 |a 651077 
100 |a 20161101d2016 k y0rusy50 ca 
101 0 |a rus  |g rus 
102 |a RU 
105 |a a z 101zy 
135 |a drgn ---uucaa 
181 0 |a i  
182 0 |a b 
200 1 |a Режимы с обострением при разрушении образцов горных пород и геосред  |f И. Ю. Смолин [и др.] 
203 |a Текст  |c электронный 
225 1 |a Неустойчивость и локализация деформации и разрушения в материалах с иерархической структурой 
300 |a Заглавие с экрана 
463 1 |0 (RuTPU)RU\TPU\network\16208  |t Перспективные материалы с иерархической структурой для новых технологий и надежных конструкций  |o тезисы докладов Международной конференции, 19-23 сентября 2016 г., Томск  |f Российская академия наук (РАН), Сибирское отделение (СО), Институт физики прочности и материаловедения (ИФПМ)  |v [С. 215-216]  |d 2016 
610 1 |a электронный ресурс 
610 1 |a труды учёных ТПУ 
610 1 |a разрушение пород 
610 1 |a горные породы 
610 1 |a геосреды 
610 1 |a деформационные процессы 
610 1 |a катастрофическое разрушение 
701 1 |a Смолин  |b И. Ю.  |c специалист в области материаловедения  |c старший научный сотрудник Томского политехнического университета  |f 1963-  |g Игорь Юрьевич  |2 stltpush  |3 (RuTPU)RU\TPU\pers\34807 
701 1 |a Кульков  |b А. С.  |c физик  |c инженер Томского политехнического университета  |g Алексей Сергеевич  |2 stltpush  |3 (RuTPU)RU\TPU\pers\37476 
701 1 |a Макаров  |b П. В. 
701 1 |a Еремин  |b М. О. 
701 1 |a Бакеев  |b Р. А. 
701 1 |a Красновейкин  |b В. А. 
712 0 2 |a Национальный исследовательский Томский политехнический университет (ТПУ)  |b Институт физики высоких технологий (ИФВТ)  |b Кафедра физики высоких технологий в машиностроении (ФВТМ)  |h 2087  |2 stltpush  |3 (RuTPU)RU\TPU\col\18687 
801 1 |a RU  |b 63413507  |c 20101016 
801 2 |a RU  |b 63413507  |c 20161101  |g RCR 
856 4 |u http://www.ispms.ru/files/Conference/2016/Sbornik_1.pdf#page=215 
942 |c CF